Bàn tay giúp đỡ : Cách đối phó với nan đề

Đề cập đến lý thuyết cơ bản, dễ hiểu mà người gặp những tình huống khó khăn không giải quyết được về thể chất và tinh thần cần được giúp đỡ. Những kinh nghiệm và biện pháp dành cho người giúp đỡ đối phó với những tình huống...

पूर्ण विवरण

में बचाया:
ग्रंथसूची विवरण
मुख्य लेखक: Yeo, Anthony
स्वरूप: पुस्तक
भाषा:Undetermined
प्रकाशित: Hà Nội Trẻ 2005
विषय:
टैग : टैग जोड़ें
कोई टैग नहीं, इस रिकॉर्ड को टैग करने वाले पहले व्यक्ति बनें!
Thư viện lưu trữ: Trung tâm Học liệu Trường Đại học Cần Thơ
LEADER 00978nam a2200217Ia 4500
001 CTU_95753
008 210402s9999 xx 000 0 und d
020 |c 25000 
082 |a 158.35 
082 |b Y46 
100 |a Yeo, Anthony 
245 0 |a Bàn tay giúp đỡ : 
245 0 |b Cách đối phó với nan đề 
245 0 |c Anthony Yeo; Lan Khuê dịch 
260 |a Hà Nội 
260 |b Trẻ 
260 |c 2005 
520 |a Đề cập đến lý thuyết cơ bản, dễ hiểu mà người gặp những tình huống khó khăn không giải quyết được về thể chất và tinh thần cần được giúp đỡ. Những kinh nghiệm và biện pháp dành cho người giúp đỡ đối phó với những tình huống đó 
650 |a Counseling,Psychology, applied 
904 |i Tuyến 
980 |a Trung tâm Học liệu Trường Đại học Cần Thơ